UM Logo

What the Swedes teach about sex / (Record no. 19940)

MARC details
000 -LEADER
fixed length control field 00562nam a2200145 4500
008 - FIXED-LENGTH DATA ELEMENTS--GENERAL INFORMATION
fixed length control field 240401b ||||| |||| 00| 0 eng d
082 ## - DEWEY DECIMAL CLASSIFICATION NUMBER
Classification number DC 613.907
Item number R11 1970
100 ## - MAIN ENTRY--PERSONAL NAME
Personal name RFSU/The Swedish Association for sex education.
9 (RLIN) 55718
245 ## - TITLE STATEMENT
Title What the Swedes teach about sex /
Statement of responsibility, etc. RFSU/The Swedish Association for sex education.
260 ## - PUBLICATION, DISTRIBUTION, ETC. (IMPRINT)
Place of publication, distribution, etc. New York :
Name of publisher, distributor, etc. Grosset & Dunlap, Inc.,
Date of publication, distribution, etc. ©1970.
300 ## - PHYSICAL DESCRIPTION
Extent 79 pages :
Other physical details illustrations ;
Dimensions 21 cm.
650 ## - SUBJECT ADDED ENTRY--TOPICAL TERM
Topical term or geographic name as entry element Sex
General subdivision Education.
9 (RLIN) 55719
710 ## - ADDED ENTRY--CORPORATE NAME
Corporate name or jurisdiction name as entry element RFSU/The Swedish Association for sex education.
9 (RLIN) 55718
942 ## - ADDED ENTRY ELEMENTS (KOHA)
Source of classification or shelving scheme Dewey Decimal Classification
Koha item type Circulation
Holdings
Withdrawn status Lost status Source of classification or shelving scheme Damaged status Not for loan Collection code Home library Current library Date acquired Total Checkouts Full call number Barcode Date last seen Price effective from Koha item type
    Dewey Decimal Classification     Circulation UM Digos College - LIC UM Digos College - LIC 04/01/2024   DC 613.907 R11 1970 17231 04/01/2024 04/01/2024 Circulation